ARRUPE JESUIT UNIVERSITY

CORONAVIRUS -STOP THE SPREAD - CLEAN,DISINFECT,COVER

Chiedza, Lighting Africa: Journal of Arrupe College (Record no. 128043)

MARC details
000 -LEADER
fixed length control field 00334nam a22001217a 4500
008 - FIXED-LENGTH DATA ELEMENTS--GENERAL INFORMATION
fixed length control field 180822b xxu||||| |||| 00| 0 eng d
022 ## - INTERNATIONAL STANDARD SERIAL NUMBER
International Standard Serial Number 22259503(2015)17:2
050 ## - LIBRARY OF CONGRESS CALL NUMBER
Classification number PER
245 ## - TITLE STATEMENT
Title Chiedza, Lighting Africa: Journal of Arrupe College
260 ## - PUBLICATION, DISTRIBUTION, ETC. (IMPRINT)
Place of publication, distribution, etc Harare
Name of publisher, distributor, etc Arrupe College
Date of publication, distribution, etc 1998
300 ## - PHYSICAL DESCRIPTION
Extent vols
942 ## - ADDED ENTRY ELEMENTS (KOHA)
Source of classification or shelving scheme Library of Congress Classification
Item type PER
Serial record 1

No items available.

 

Arrupe Library. PO Box MP320 Mt Pleasant, Harare, Zimbabwe
263 242 745411|librarian@aju.ac.zw